| 000 | 00000nam##2200000za#4500 |
| 001 | 9.570852 |
| 003 | CaOODSP |
| 005 | 20210624182436 |
| 007 | cr ||||||||||| |
| 008 | 150406|2008||||xxc|||||o f|0| 0 eng|d |
| 022 | |a1919-5087 |
| 040 | |aCaOODSP|beng |
| 043 | |an-cn--- |
| 086 | 1 |aFs70-6/2008-041E-PDF |
| 110 | 1 |aCanada. |bDepartment of Fisheries and Oceans. |bQuebec Region. |
| 245 | 10|aAssessment of the Atlantic mackerel stock for the Northwest Atlantic (subareas 3 and 4) in 2007 |h[electronic resource] |
| 260 | |aMont-Joli - Quebec : |bFisheries and Oceans Canada. |cJuly 2008. |
| 300 | |a15p.|bcoloured maps, graphs, references, tables, photographs |
| 490 | 1 |aCanadian Science Advisory Secretariat science advisory report |x1919-5087|v2008/041, Quebec Region |
| 590 | |a11-21-Supp|b2011-09-30 |
| 775 | 08|tÉvaluation du stock de maquereau bleu du nord-ouest de l'Atlantique (sous-régions 3 et 4) en 2007 |w(CaOODSP)9.601496 |
| 830 | #0|aScience advisory report (Canadian Science Advisory Secretariat)|x1919-5087|v2008/041, Quebec Region|w(CaOODSP)9.506226 |
| 856 | 40|ahttp://publications.gc.ca|qPDF|s400 KB|uhttps://publications.gc.ca/collections/collection_2011/mpo-dfo/Fs70-6-2008-041-eng.pdf|y2008/041, Quebec Region |